ARRUPE JESUIT UNIVERSITY

CORONAVIRUS -STOP THE SPREAD - CLEAN,DISINFECT,COVER

Community development (Record no. 124868)

MARC details
000 -LEADER
fixed length control field 00574nam a22001817a 4500
008 - FIXED-LENGTH DATA ELEMENTS--GENERAL INFORMATION
fixed length control field 160805b xxu||||| |||| 00| 0 eng d
020 ## - INTERNATIONAL STANDARD BOOK NUMBER
International Standard Book Number 9789966083159
050 ## - LIBRARY OF CONGRESS CALL NUMBER
Classification number HN49.C6M846
100 ## - MAIN ENTRY--PERSONAL NAME
Personal name Mulwa, Francis W.
9 (RLIN) 24653
245 ## - TITLE STATEMENT
Title Community development
Remainder of title :demystifying participatory
Statement of responsibility, etc Francis W. Mulwa
250 ## - EDITION STATEMENT
Edition statement rev. ed.
260 ## - PUBLICATION, DISTRIBUTION, ETC. (IMPRINT)
Place of publication, distribution, etc Nairobi
Name of publisher, distributor, etc Paulines
Date of publication, distribution, etc 2010
300 ## - PHYSICAL DESCRIPTION
Extent 344p. ;
Dimensions 21cm.
650 ## - SUBJECT ADDED ENTRY--TOPICAL TERM
Topical term or geographic name as entry element Rural development
Geographic subdivision Africa
9 (RLIN) 24654
650 ## - SUBJECT ADDED ENTRY--TOPICAL TERM
Topical term or geographic name as entry element Community development
Geographic subdivision Africa
9 (RLIN) 16761
650 ## - SUBJECT ADDED ENTRY--TOPICAL TERM
Topical term or geographic name as entry element Africa
General subdivision Economic conditions
9 (RLIN) 24655
942 ## - ADDED ENTRY ELEMENTS (KOHA)
Source of classification or shelving scheme Library of Congress Classification
Item type Monograph ( Printed materials)
Holdings
Withdrawn status Lost status Source of classification or shelving scheme Damaged status Not for loan Collection code Home library Current library Shelving location Date acquired Total Checkouts Full call number Barcode Date last seen Date last borrowed Price effective from Koha item type
    Library of Congress Classification     Main Collection ARRUPE LIBRARY ARRUPE LIBRARY Main Collection 05/08/2016 1 HN49.C6M846 2006 46500009427 30/04/2018 29/08/2016 05/08/2016 Monograph ( Printed materials)

 

Arrupe Library. PO Box MP320 Mt Pleasant, Harare, Zimbabwe
263 242 745411|librarian@aju.ac.zw